000 00360nam a22001217a 4500
999 _c7861
_d7862
008 190418b ||||| |||| 00| 0 eng d
082 _a583.66 T88r 2014
100 _aTshering, Karma
245 _aRoyal Botanical Park ;
_bEco-adventures.
260 _aThimphu ;
_bNature Recreation and Ecotourism Division,
_c2013.
300 _a80 p.
_bill.
_c18 cm.
942 _2ddc